00581nam a2200169Ia 4500008004100000020001500041041001200056082001600068100001600084245005600100260003600156300000800192650001600200942000700216999001500223952017300238221030s9999 xx 000 0 und d a8188458554 aEnglish a105.23bUpa aN. Upadhyay 4aThe Design & Analysis of Algorithmscby N. Upadhyay bS.K Kataria & SonsaDelhic2007 a476 aBE Computer cBK c3750d3750 pBE 9051g175.00l0o105.23 Upar2024-06-13 00:00:00w2022-10-30yBK003Print4070aMIETLIBbMIETLIBcBL-Academic Block - A, FL-1, CUP-90, SH-5, R-5d2006-12-0210HBE